Skúsenosti s aplikáciou projektového vyučovania v predmete Cvičná firma

Špecifické podmienky aplikácie projektového vyučovania vo výučbe predmetu Cvičná firma na stredných školách. Skúsenosti s aplikáciou projektového vyčovania v cvičnej firme. Postupnosť krokov projektového vyučovania v cvičnej firme.

Gespeichert in:
Bibliographische Detailangaben
1. Verfasser: Velichová, Ľudmila
Format: Buchkapitel
Sprache:Slowakisch
Schlagworte:
Tags: Tag hinzufügen
Keine Tags, Fügen Sie das erste Tag hinzu!

MARC

LEADER 00000naa$a2200000$$$4500
001 0237353
005 20240502083634.5
041 0 |a slo 
044 |a CZ 
245 1 0 |a Skúsenosti s aplikáciou projektového vyučovania v predmete Cvičná firma  |c Ľudmila Velichová 
520 |a Špecifické podmienky aplikácie projektového vyučovania vo výučbe predmetu Cvičná firma na stredných školách. Skúsenosti s aplikáciou projektového vyčovania v cvičnej firme. Postupnosť krokov projektového vyučovania v cvičnej firme. 
610 2 0 |a školy stredné 
610 2 0 |a vyučovanie 
610 2 0 |a projekty 
610 2 0 |a predmety učebné 
610 2 0 |a firmy cvičné 
100 1 |a Velichová, Ľudmila